Repersonalizaȯ̂ da posse no direito brasileiro

Detalles Bibliográficos
Autor principal: Veiga Sanhudo, Joô Paulo
Formato: eBook
Lenguaje:portugués
Publicado: [Brasil] : Novatez, 2010.
Materias:
Acceso en línea:Acceso restringido

MARC

LEADER 00000nam a22000007a 4500
005 20110824124435.0
008 110824t2010 bl |s|||| 00| 0 por d
035 |a 5681 
040 |a vLex 
090 |c 2257  |d 2257 
100 1 |a Veiga Sanhudo, Joô Paulo 
245 1 0 |a Repersonalizaȯ̂ da posse no direito brasileiro   |c Joô Paulo Veiga Sanhudo   |h [Recurso electrn̤ico] / 
256 |a Servicio en ln̕ea. 
260 |a [Brasil] :  |b Novatez,  |c 2010. 
500 |a O presente estudo objetiva demonstrar a necessidade de fazer-se uma releitura do instituto da posse previsto no Cd̤igo Civil de 2002, com base em anl̀ise paradigmt̀ica do Cd̤igo Civil de 1916, superando-se o modelo codificado liberal, a partir de uma perspectiva fundada na reinterpretaȯ̂ hermenůtico-sistemt̀ica constitucional aberta e completv̀el, onde o fundamento jurd̕ico-social seja a pessoa humana e nô o indivd̕uo patrimonialista.  
506 1 |a Contenido solo disponible en los productos indicados  |d vLex Global  |d vLex Global (Academic Edition, excluding Law Schools)  |d vLex Global (U.S. Academic Edition, Law Schools)  |d vLex Global (U.S. Academic Edition, excluding Law Schools)  |d vLex Global (Academic Edition, Law Schools) 
650 0 4 |a Posesiones derecho 
650 0 4 |a Bienes inmuebles 
740 0 |a vLex Libros (Servicio en ln̕ea) 
856 4 0 |u http://vlex.com/source/repersonalizacao-posse-direito-brasileiro-5681  |z Acceso restringido 
942 |c BOOK